Devil's sanctuary (Record no. 60124)
[ view plain ]
| 000 -LEADER | |
|---|---|
| fixed length control field | 01319nam a2200325Ia 4500 |
| 082 04 - DEWEY DECIMAL CLASSIFICATION NUMBER | |
| Classification number | 364.1509762 |
| 100 1# - MAIN ENTRY--AUTHOR NAME | |
| Personal name | Alston, Alex A., |
| 245 10 - TITLE STATEMENT | |
| Title | Devil's sanctuary |
| 260 ## - PUBLICATION, DISTRIBUTION, ETC. (IMPRINT) | |
| Place of publication | Chicago, Ill. : |
| Name of publisher | Lawrence Hill Books, |
| Year of publication | c2009. |
| 300 ## - PHYSICAL DESCRIPTION | |
| Number of Pages | ix, 369 p. : |
| Other physical details | ill. |
| 650 #0 - SUBJECT ADDED ENTRY--TOPICAL TERM | |
| Topical Term | Hate crimes |
| Topical Term | African Americans |
| 700 1# - ADDED ENTRY--PERSONAL NAME | |
| Personal name | Dickerson, James. |
| 856 40 - ELECTRONIC LOCATION AND ACCESS | |
| Uniform Resource Identifier | http://site.ebrary.com/lib/rucke/Doc?id=10318618 |
No items available.
